00477pab a2200157 454500008004000000100001800040245003200058260000900090300001300099362000800112650001100120773006700131909001000198999001700208952009400225180718b2004 xxu||||| |||| 00| 0 eng d aTyler, Tom R. aEnhancing police legitimacy c2004 ap.84-99. aMay aPolice aAnnals of the American Academy of Political and Social Science a60248 c60248d60248 00104070aIIPAbIIPAd2018-07-19hVolume no: 593, pAR60694r2018-07-19w2018-07-19yAR